000 00266nam a2200121Ia 4500
008 190216s9999||||xx |||||||||||||| ||und||
100 _aKunchiraman Nair
245 0 _aKaliyachan
260 _bPk Brothers
_c1954
300 _a64
650 _aKavithkal
942 _cBK
999 _c27046
_d27046